000 01108 am a2200349ua 4500
001 1986
003 FISKH
005 20240125144238.0
008 010716s1999 enka j| 000 1|eng
015 _aGB9978577
_2bnb
020 _a1860399185 :
020 _a0439287200
035 _a(StEdNL)E2838241
039 0 _a2650
040 _aStEdNL
_dUk
_beng
_cUk
050 _aPZ8.A54865
082 0 4 _a821.914
_221
100 1 _aAndreae, Giles,
_d1966-
245 1 0 _aGiraffes can't dance /
_cGiles Andreae ; illustrated by Guy Parker-Rees.
250 _aFirst Scholastic Book Club printing, February 2002
260 _aNew York :
_bScholastic,
_c1999.
300 _a32 unnumbered pages :
_bcolor illustrations ;
_c29 cm
336 _atext
_2rdacontent
337 _aunmediated
_2rdamedia
338 _avolume
_2rdacarrier
505 _aM
520 _aGerald the giraffe is too clumsy to dance with all the other animals at the Jungle Dance, until he finds the right music.
521 8 _a570
_bLexile
521 8 _aM
_bRaz-Plus
700 1 _aParker-Rees, Guy.
_eAuthor
942 _2ddc
_cBK
_n0
999 _c1986
_d1986